| 000 | 00346nam a2200145Ia 4500 | ||
|---|---|---|---|
| 008 | 230917s9999||||xx |||||||||||||| ||und|| | ||
| 040 |
_e47667 _aMAIN |
||
| 041 | _aEnglish | ||
| 082 | _a823.08 W736C:W | ||
| 100 | _aCollnette, Peter, ed | ||
| 245 | 0 | _aWinter's tales 23 | |
| 260 |
_aLondon _bMacmillan _c1977 |
||
| 300 | _a200 p. | ||
| 942 | _cBK | ||
| 999 |
_c200023 _d200023 |
||